[Event "Maringa op 1st"]
[Site "Maringa"]
[Date "2024.07.28"]
[Round "6"]
[White "De Lima Junior, Claudemir Pereira"]
[Black "Santana Jr, Luiz Francisco"]
[Result "1-0"]
[WhiteElo "1816"]
[BlackElo "1771"]
[PlyCount "58"]
[EventDate "2024.07.26"]
[EventType "swiss"]
[EventRounds "6"]
[EventCountry "BRA"]
[SourceTitle "CBM 221 Extra"]
[Source "ChessBase"]
[SourceDate "2024.09.30"]
[SourceVersion "1"]
[SourceVersionDate "2024.09.30"]
[SourceQuality "1"]

1. d4 d5 2. Nf3 Nf6 3. c4 e6 4. Nc3 c6 5. Bg5 Be7 6. e3 0-0 7. Be2 Nbd7 8. 0-0 b6 9. a3 Bb7 10. b4 dxc4 11. Bxc4 Nd5 12. Bxe7 Qxe7 13. Nxd5 cxd5 14. Bd3 Rac8 15. Qd2 a6 16. Rfc1 Nf6 17. Rxc8 Rxc8 18. Rc1 Qd8 19. Ne5 Nd7 20. Nf3 Rxc1+ 21. Qxc1 Qc8 22. Qxc8+ Bxc8 23. Nd2 f6 24. f4 f5 25. Nb3 Nf6 26. h3 h5 27. a4 Nd7 28. a5 b5 29. Kf2 Kf7 1-0

[Event "Maringa op 1st"]
[Site "Maringa"]
[Date "2024.07.27"]
[Round "2"]
[White "De Lima Junior, Claudemir Pereira"]
[Black "Da Silva, Paulo Cesar"]
[Result "1-0"]
[WhiteElo "1816"]
[BlackElo "1853"]
[PlyCount "42"]
[EventDate "2024.07.26"]
[EventType "swiss"]
[EventRounds "6"]
[EventCountry "BRA"]
[SourceTitle "CBM 221 Extra"]
[Source "ChessBase"]
[SourceDate "2024.09.30"]
[SourceVersion "1"]
[SourceVersionDate "2024.09.30"]
[SourceQuality "1"]

1. d4 Nf6 2. c4 e6 3. Nc3 Bb4 4. Qc2 0-0 5. Nf3 d5 6. Bd2 c5 7. cxd5 exd5 8. e3 Nc6 9. Be2 Ne4 10. 0-0 Rb8 11. Rfd1 Be6 12. Qb3 cxd4 13. Nxd4 Qg5 14. f4 Qh4 15. Be1 Qf6 16. Bf3 Rfc8 17. Bxe4 dxe4 18. Nxe6 Qxe6 19. Qxe6 fxe6 20. Rd7 Rd8 21. Rad1 Kf8 1-0

[Event "Maringa op 1st"]
[Site "Maringa"]
[Date "2024.07.26"]
[Round "1"]
[White "Moreira, Nickolas Misturini"]
[Black "De Lima Junior, Claudemir Pereira"]
[Result "0-1"]
[WhiteElo "1706"]
[BlackElo "1816"]
[PlyCount "106"]
[EventDate "2024.07.26"]
[EventType "swiss"]
[EventRounds "6"]
[EventCountry "BRA"]
[SourceTitle "CBM 221 Extra"]
[Source "ChessBase"]
[SourceDate "2024.09.30"]
[SourceVersion "1"]
[SourceVersionDate "2024.09.30"]
[SourceQuality "1"]

1. e4 c6 2. d4 d5 3. e5 Bf5 4. h4 h6 5. Bd3 Bxd3 6. Qxd3 e6 7. Nf3 Nd7 8. 0-0 Ne7 9. c4 dxc4 10. Qxc4 Nb6 11. Qb3 Ned5 12. Nc3 Be7 13. g3 0-0 14. Be3 Rc8 15. Rac1 Nxc3 16. bxc3 Qd5 17. Ne1 Qe4 18. Ng2 c5 19. a4 c4 20. Qd1 Rfd8 21. Re1 Qd3 22. a5 Nd5 23. Nf4 Nxf4 24. Bxf4 Qg6 25. Qc2 Qxc2 26. Rxc2 Rd5 27. Ra1 Rb5 28. a6 b6 29. Raa2 Rb3 30. Kf1 b5 31. Bd2 Rc6 32. Bc1 Kh7 33. Ke2 g5 34. h5 g4 35. Kd2 Bg5+ 36. Ke2 Bxc1 37. Rxc1 Kg7 38. Kd2 f6 39. exf6+ Kxf6 40. Re1 b4 41. cxb4 Rxb4 42. Kc2 Rb5 43. Re4 Kg5 44. Rf4 Rf5 45. Rxf5+ Kxf5 46. Kc3 Kg5 47. Ra5+ Kf6 48. Ra1 Kf5 49. Ra5+ Ke4 50. Re5+ Kf3 51. d5 exd5 52. Rf5+ Ke2 53. Rxd5 Kxf2 0-1